Bürgerliche Eliten in den Niederlanden und in Nordwestdeutschland. - Köln [u.a.] : Böhlau. - 1985 [Rezension]

Titel: Bürgerliche Eliten in den Niederlanden und in Nordwestdeutschland. - Köln [u.a.] : Böhlau. - 1985 [Rezension]
Verfasser:
In: Przegla̜d historyczny, Band 78 (1988), Seite 825-827
alle Artikel anzeigen
Veröffentlicht: 1988
Format: Aufsatz
Sprache: Deutsch
Kein Bild verfügbar
X
alg: 39499369
001A    $01999:12-11-16 
001B    $01999:04-08-21 $t21:01:30.000 
001C    $06050:14-11-16 $t07:18:09.000 
001D    $01999:12-11-16 
001U    $0utf8 
001X    $00 
002@    $0Aox 
003@    $0394993691 
007A    $0394993691 $aHEB 
007T    $0Herdc0064181m 
010@    $ager 
011@    $a1988 
021A    $aBürgerliche Eliten in den Niederlanden und in Nordwestdeutschland. - Köln {[u.a.] : Böhlau. -  1985 [Rezension] 
028A    $713405718X $8Zdrenka, Joachim$Z1952- [Tp1] $9197197728 
031A    $d78 $h825-827 $j1988 
039B    $aIn $8--Abvc--. Przegla̜d historyczny. - Warszawa : Wydawnictwo DiG, 1905-. - ISSN 0033-2186 $x198800000780000175 $9047456078 
039T    $8--Aauc--. Bürgerliche Eliten in den Niederlanden und in Nordwestdeutschland. - Köln {[u.a.] : Böhlau, 1985. - XIX, 493 S.. - graph. Darst., Kt.. - ISBN 3-412-06085-2 $9004890345 
045F    $a900.943816 $eDDC23BSB 
045F/01 $a900 
045F/03 $g43816 
045T    $a7,41 

lok: 39499369 78

exp: 39499369 78 1 #EPN
201B/01 $018-11-16 $t13:22:20.000 
201U/01 $0utf8 
203@/01 $0791292312 
208@/01 $a12-11-16 $be 
209A/01 $a/ $f000 $x00 
220C/01 $aTitelaufnehmer: nk;tn 
220C/01 $aHerkunft: HI Marburg 
244Z/01 $2Trx $#Pomeranija $#Pommern $#Pomoransko $#Pomořansko $#Hinterpommern;Vorpommern;Mittelpommern $#Pomorze Środkowe;Pomorze Przednie $#Pomořansko;Západní Pomořany; Pomořany $8--Trx--Pomorze Zachodnie $x01 $9391303775 
244Z/01 $2Trx $#arvustused $#recenzijos $#Reviews $#recenziók $#recenzje $#recenzie $#recenze $8--Trx--Rezensionen $x02 $9391357441 
247C/01 $82080>Marburg/Lahn, Herder-Institut, Forschungsbibliothek, Bibliographieportal $9336309341
LEADER 00000caa a22000002c 4500
001 394993691
003 DE-603
005 20210804210130.0
007 tu
008 161112s1988 xx |||| | u00||u|ger c
035 |a (DE-599)HEB394993691 
040 |a DE-603  |b ger  |c DE-603  |d DE-603 
041 |a ger 
082 0 4 |8 1\u  |a 900.943816  |q DE-101  |2 23/BSB 
084 |a 7,41  |2 ssgn 
085 |8 1\u  |b 900 
085 |8 1\u  |z 2  |s 43816 
100 1 |a Zdrenka, Joachim  |d 1952-  |0 (DE-603)197197728  |0 (DE-588)13405718X  |2 gnd 
245 0 0 |a Bürgerliche Eliten in den Niederlanden und in Nordwestdeutschland. - Köln ˜[u.a.] œ: Böhlau. - 1985 [Rezension] 
264 0 |c 1988 
773 0 8 |i In  |t Przegla̜d historyczny  |d Warszawa : Wydawnictwo DiG, 1905-  |x 0033-2186  |g Band 78 (1988), Seite 825-827  |w (DE-603)047456078  |w (DE-600)281539-4 
787 0 8 |i Rezension von  |t Bürgerliche Eliten in den Niederlanden und in Nordwestdeutschland  |d Köln ˜[u.a.] œ: Böhlau, 1985  |h XIX, 493 S., graph. Darst., Kt.  |z 3412060852  |w (DE-603)004890345 
924 0 |9 2080  |a (DE-603)791292312  |b DE-2080  |c HES  |d d  |g /